[Event "Challenge"]
[Site "http://www.queenalice.com/game.php?id=531563"]
[Date "2009.1.29"]
[Round "-"]
[White "macielxadrez"]
[Black "marcet"]
[Result "1-0"]
[WhiteElo "1897"]
[BlackElo "1885"]

1. d4 d5 2. c4 e6 3. Nc3 Bb4 4. e3 Bxc3+ 5. bxc3 Nd7 6. cxd5 exd5 7. Nf3 Ngf6 8.
Bd3 O-O 9. O-O Ne4 10. c4 c6 11. cxd5 cxd5 12. Ba3 Re8 13. Rc1 Ndf6 14. Qc2 Bf5
15. Qc7 b6 16. Ne5 Re7 17. Qxd8+ 1-0

[Event "Challenge"]
[Site "http://www.queenalice.com/game.php?id=573871"]
[Date "2009.4.18"]
[Round "-"]
[White "macielxadrez"]
[Black "ingridcardoso"]
[Result "1-0"]
[WhiteElo "1917"]
[BlackElo "1610"]

1. d4 d5 2. c4 e6 3. cxd5 Qxd5 4. Nc3 Qd8 5. Nf3 Nf6 6. e3 Nc6 7. Bb5 Bd6 8. e4
O-O 9. Bxc6 bxc6 10. e5 Bxe5 11. Nxe5 Bb7 12. O-O g6 13. Bg5 Qd6 14. Bxf6 c5 15.
Qc1 1-0

[Event "Challenge"]
[Site "http://www.queenalice.com/game.php?id=574334"]
[Date "2009.4.19"]
[Round "-"]
[White "macielxadrez"]
[Black "rodojr"]
[Result "1-0"]
[WhiteElo "1921"]
[BlackElo "1739"]

1. d4 d6 2. c4 g6 3. Nc3 Bg7 4. e4 Nc6 5. Be3 e5 6. d5 Nce7 7. Qd2 f5 8. f3 Nf6
9. Bd3 O-O 10. Nge2 a6 11. O-O-O Bd7 12. c5 Ne8 13. g3 dxc5 14. Bxc5 Nd6 15. h4
h5 16. Rdf1 b6 17. Ba3 1-0

[Event "AUTO-OPEN-1345"]
[Site "http://www.queenalice.com/game.php?id=596970"]
[Date "2009.6.1"]
[Round "3"]
[White "Pagano"]
[Black "macielxadrez"]
[Result "0-1"]
[WhiteElo "2147"]
[BlackElo "1953"]

1. f4 g6 2. e4 Bg7 3. d4 c6 4. Nf3 d5 5. e5 h5 6. c4 Nh6 7. cxd5 cxd5 8. Nc3 Nc6
9. Bb5 O-O 10. Bxc6 bxc6 11. O-O Bg4 12. h3 Bf5 13. Kh2 e6 14. Na4 Re8 15. Nc5
Bf8 16. Be3 Bxc5 17. dxc5 Bg4 18. Qe1 Bxf3 19. Rxf3 Qe7 20. Qc3 Reb8 21. b4 a5
22. bxa5 Rb5 23. a4 Rbxa5 24. Qb3 Qa7 25. Qb6 Ra6 26. Qb3 Rxa4 27. Rxa4 Qxa4 28.
Qb7 Qa6 29. Qb6 Nf5 30. Bf2 h4 31. Rb3 Qf1 0-1

[Event "AUTO-OPEN-1345"]
[Site "http://www.queenalice.com/game.php?id=596971"]
[Date "2009.6.1"]
[Round "3"]
[White "macielxadrez"]
[Black "Pagano"]
[Result "1-0"]
[WhiteElo "1929"]
[BlackElo "2133"]

1. Nf3 c5 2. g3 g6 3. Bg2 d5 4. d4 cxd4 5. Qxd4 Nf6 6. O-O Bf5 7. Qa4+ Nbd7 8.
Nd4 Bg7 9. Nxf5 gxf5 10. c4 O-O 11. cxd5 Nb6 12. Qb5 Rc8 13. Nc3 Qd7 14. Qxd7
Nfxd7 15. Bg5 Bxc3 16. bxc3 Rxc3 17. Bxe7 Rfc8 18. d6 Rc2 19. Bxb7 Rb8 20. Bf3
Nc8 21. Rfc1 Rxc1+ 22. Rxc1 Ne5 23. Rc7 Nxf3+ 24. exf3 a5 25. Rxc8+ 1-0

[Event "Challenge"]
[Site "http://www.queenalice.com/game.php?id=687471"]
[Date "2009.11.23"]
[Round "-"]
[White "macielxadrez"]
[Black "Jac"]
[Result "1-0"]
[WhiteElo "2001"]
[BlackElo "1887"]

1. d4 d5 2. c4 c6 3. cxd5 Qa5+ 4. Nc3 cxd5 5. Nf3 Nf6 6. Bd2 e6 7. Rc1 Nc6 8.
Ne5 Nxe5 9. dxe5 Nd7 10. e4 Qb6 11. exd5 exd5 12. Nxd5 Qd4 13. Nc7+ Kd8 14. Bg5+
1-0

[Event "Challenge"]
[Site "http://www.queenalice.com/game.php?id=696579"]
[Date "2009.12.12"]
[Round "-"]
[White "Jac"]
[Black "macielxadrez"]
[Result "0-1"]
[WhiteElo "1884"]
[BlackElo "2012"]

1. e4 c5 2. Nf3 e6 3. Nc3 a6 4. b3 Nc6 5. d3 Qc7 6. Bb2 Nf6 7. Be2 Be7 8. Qd2
O-O 9. Nd1 d5 10. e5 Nd7 11. Qe3 d4 12. Qf4 Ndxe5 13. Nxe5 Nxe5 14. c3 Nxd3+ 0-1

[Event "Challenge"]
[Site "http://www.queenalice.com/game.php?id=811798"]
[Date "2010.8.1"]
[Round "-"]
[White "arniecoruja"]
[Black "macielxadrez"]
[Result "0-1"]
[WhiteElo "1822"]
[BlackElo "2027"]

1. d4 g6 2. e4 Bg7 3. e5 d6 4. f4 dxe5 5. fxe5 c5 6. Be3 Nc6 7. Bb5 cxd4 8.
Bxc6+ bxc6 9. Qxd4 Qa5+ 10. Nc3 Bxe5 11. Qd2 Bg4 12. h3 Rd8 13. Nd5 Qxd2+ 14.
Bxd2 Bg3+ 15. Kf1 Rxd5 16. Bc3 Bc8 17. Bxh8 Ba6+ 18. Ne2 Rd2 0-1

[Event "Let's Play Chess!"]
[Site "http://www.queenalice.com/game.php?id=1438395"]
[Date "2016.8.31"]
[Round "-"]
[White "dnptrs"]
[Black "macielxadrez"]
[Result "0-1"]
[WhiteElo "2161"]
[BlackElo "2101"]

1. d4 d5 2. Nf3 c5 3. e3 e6 4. Be2 Nf6 5. O-O Nc6 6. c4 a6 7. cxd5 exd5 8. dxc5
Bxc5 9. a3 O-O 10. Nbd2 Bf5 11. b4 Bb6 12. Nb3 Rc8 13. Bb2 Ne4 14. Nfd4 Bg6 15.
Rc1 Ne7 16. Nf3 Rxc1 17. Qxc1 Bh5 18. Nbd4 Qd6 19. Qa1 Bc7 20. g3 f6 21. Rd1 Nc6
22. Nxc6 bxc6 23. Nd4 Bxe2 24. Nxe2 Qd7 25. Qc1 Nd6 26. Qc2 Rd8 27. Nc3 Nc4 28.
e4 Qe6 29. exd5 cxd5 30. Na4 Be5 31. Nc5 Qc8 32. Bxe5 fxe5 33. Nd3 Qf5 34. Qb3
Qf3 35. Ra1 e4 36. Nc5 e3 37. Qc2 Rf8 38. Nd3 exf2+ 0-1

[Event "Let's Play Chess!"]
[Site "http://www.queenalice.com/game.php?id=1438781"]
[Date "2016.8.31"]
[Round "-"]
[White "macielxadrez"]
[Black "dnptrs"]
[Result "1-0"]
[WhiteElo "2081"]
[BlackElo "2186"]

1. Nf3 d5 2. b3 Nf6 3. Bb2 Nbd7 4. e3 c6 5. c4 e6 6. a3 Bd6 7. d4 O-O 8. Nc3 b6
9. Bd3 Bb7 10. O-O dxc4 11. bxc4 c5 12. Qe2 Rc8 13. Rfd1 a6 14. a4 Qc7 15. h3
Rfd8 16. Nd2 Qb8 17. d5 Nf8 18. Nde4 Be7 19. a5 bxa5 20. Rxa5 exd5 21. Nxf6+
Bxf6 22. Nxd5 Bxb2 23. Qxb2 Ne6 24. Ne7+ 1-0

[Event "Challenge"]
[Site "http://www.queenalice.com/game.php?id=1438798"]
[Date "2016.8.31"]
[Round "-"]
[White "dnptrs"]
[Black "macielxadrez"]
[Result "0-1"]
[WhiteElo "2221"]
[BlackElo "2035"]

1. d4 d5 2. Nf3 Nf6 3. c4 e6 4. Nc3 Nbd7 5. e3 Be7 6. a3 O-O 7. Rb1 a6 8. cxd5
exd5 9. Bd3 Re8 10. b4 Bf8 11. O-O a5 12. Qb3 axb4 13. axb4 Nb6 14. b5 Bd6 15.
Re1 Bg4 16. Be2 Bf5 17. Rb2 Ra3 18. Qd1 Rxc3 19. Nh4 Be6 20. Ra2 Ne4 21. Nf3 c5
22. Bb2 c4 23. Nd2 Bxh2+ 24. Kxh2 Qh4+ 0-1

[Event "Challenge"]
[Site "http://www.queenalice.com/game.php?id=1438799"]
[Date "2016.8.31"]
[Round "-"]
[White "macielxadrez"]
[Black "dnptrs"]
[Result "1-0"]
[WhiteElo "2058"]
[BlackElo "2225"]

1. d4 Nf6 2. c4 e6 3. Nc3 d5 4. e3 Be7 5. Nf3 O-O 6. a3 Nbd7 7. cxd5 exd5 8. Bd3
c5 9. O-O b6 10. b3 Bb7 11. Bb2 cxd4 12. Nxd4 Bd6 13. Nf5 Bc7 14. Rc1 Re8 15.
Nb5 1-0

[Event "Let's Play Chess!"]
[Site "http://www.queenalice.com/game.php?id=1442058"]
[Date "2016.9.20"]
[Round "-"]
[White "dnptrs"]
[Black "macielxadrez"]
[Result "0-1"]
[WhiteElo "2217"]
[BlackElo "2115"]

1. d4 g6 2. Nf3 Bg7 3. g3 c5 4. Bg2 cxd4 5. Nxd4 Nc6 6. Nxc6 bxc6 7. O-O Rb8 8.
Nc3 Qc7 9. e4 d6 10. Qf3 Bd7 11. b3 Nf6 12. Bg5 O-O 13. Rae1 Rfe8 14. Na4 c5 15.
Nc3 Qa5 16. a4 c4 17. Nd5 Nxd5 18. exd5 cxb3 19. cxb3 e5 20. dxe6 Bxe6 21. Rb1
Qxg5 0-1